[Event "Gif sur Yvette-Cergy Pontoise"]
[Site "Gif sur Yvette"]
[Date "2008.01.19"]
[Round "5.4"]
[White "Cathelineau, Didier"]
[Black "Seret, Jean Renaud"]
[Result "1/2-1/2"]
[WhiteElo "2183"]
[BlackElo "2199"]
[PlyCount "89"]
[EventDate "2008.01.19"]
[SourceDate "2007.10.25"]

1. d4 d5 2. c4 c6 3. Nc3 Nf6 4. Nf3 a6 5. c5 Bf5 6. Qb3 Ra7 7. Bf4 Nbd7 8. h3
e6 9. e3 b6 10. cxb6 Qxb6 11. Qxb6 Nxb6 12. Ne5 c5 13. dxc5 Bxc5 14. Nc6 Ra8
15. b4 Bf8 16. a3 Rc8 17. Bxa6 Rxc6 18. Bb5 Kd7 19. Na4 Nxa4 20. Bxa4 Bd6 21.
Rc1 Rhc8 22. Ke2 Bxf4 23. Rxc6 Rxc6 24. Rc1 Be5 25. Rxc6 Ke7 26. g4 Bg6 27. f3
d4 28. e4 Nd7 29. b5 Bf4 30. b6 d3+ 31. Kd1 f5 32. exf5 exf5 33. b7 fxg4 34.
Rc4 Bb8 35. Bxd7 g3 36. Bc6 Bf5 37. f4 Bxh3 38. Kd2 g2 39. Rc1 Bxf4+ 40. Kxd3
Bf5+ 41. Kc3 Bxc1 42. b8=Q g1=Q 43. Qc7+ Kf6 44. Qd8+ Ke5 45. Qc7+ 1/2-1/2

[Event "Gif sur Yvette-Cergy Pontoise"]
[Site "Gif sur Yvette"]
[Date "2008.01.19"]
[Round "5.5"]
[White "Leitner, Walter"]
[Black "Hameau, Cyril"]
[Result "1-0"]
[WhiteElo "2115"]
[BlackElo "2082"]
[PlyCount "111"]
[EventDate "2008.01.19"]
[SourceDate "2007.10.25"]

1. e4 d5 2. exd5 Qxd5 3. Nc3 Qd6 4. Bc4 Nf6 5. d3 a6 6. h3 Bf5 7. Qf3 Qe5+ 8.
Nge2 Nc6 9. Bf4 Qa5 10. O-O e6 11. g4 Bg6 12. a3 Qb6 13. b4 Bd6 14. Be3 Ne5 15.
Qg2 Qc6 16. Qxc6+ bxc6 17. Bb3 h5 18. f4 hxg4 19. fxe5 Bxe5 20. hxg4 Rh4 21.
Rf3 O-O-O 22. Raf1 Rdh8 23. Bf4 Bxf4 24. Nxf4 Rxg4+ 25. Kf2 Bf5 26. Ke1 Kd7 27.
R3f2 g5 28. Ng2 Rg3 29. Kd2 Rhh3 30. Ne2 Rxd3+ 31. cxd3 Rxd3+ 32. Kc2 Rh3+ 33.
Kb2 Ne4 34. Rxf5 exf5 35. Bc2 Rh2 36. Rg1 Nd6 37. Ng3 f4 38. Nf1 Rh3 39. Ne1 f6
40. Nd2 Ke6 41. Nef3 Nc4+ 42. Nxc4 Rxf3 43. Re1+ Kf7 44. Bf5 Rg3 45. Be4 g4 46.
Rf1 f3 47. Bxc6 f5 48. Ne5+ Ke6 49. Nxf3 gxf3 50. Rxf3 Rg6 51. Re3+ Kd6 52. Kb3
f4 53. Ka4 Rg5 54. Bb7 Rf5 55. Bf3 Kd7 56. Bg4 1-0

[Event "Gif sur Yvette-Cergy Pontoise"]
[Site "Gif sur Yvette"]
[Date "2008.01.19"]
[Round "5.6"]
[White "Jaulin, Marc"]
[Black "Boonekamp, Maarten"]
[Result "1-0"]
[WhiteElo "2140"]
[BlackElo "2055"]
[PlyCount "141"]
[EventDate "2008.01.19"]
[SourceDate "2007.10.25"]

1. e4 e5 2. Nf3 Nc6 3. Bb5 Nf6 4. Qe2 Bc5 5. d3 O-O 6. Bg5 d5 7. Bxf6 Qxf6 8.
Nc3 Bb4 9. O-O Bxc3 10. bxc3 dxe4 11. Qxe4 Bf5 12. Qe3 Rfe8 13. Rfe1 Qd6 14.
Ng5 Rad8 15. Qf3 Bg6 16. Bxc6 bxc6 17. a4 f5 18. Qe3 c5 19. f3 h6 20. Nh3 c4
21. dxc4 Qb6 22. Qxb6 cxb6 23. c5 bxc5 24. Red1 f4 25. Rxd8 Rxd8 26. Re1 Bxc2
27. Rxe5 Rd1+ 28. Kf2 g5 29. Ng1 Bxa4 30. Rxc5 Rd2+ 31. Ne2 Bd1 32. Re5 Rxe2+
33. Rxe2 Bxe2 34. Kxe2 Kf7 35. Kd3 Ke6 36. Kc4 Kd6 37. Kb5 a5 38. c4 h5 39. Kb6
a4 40. c5+ Kd5 41. c6 a3 42. c7 a2 43. c8=Q a1=Q 44. Qd7+ Kc4 45. Qb5+ Kd4 46.
Qxg5 Ke3 47. Kc6 Qa6+ 48. Kd7 Qb7+ 49. Ke6 Qc8+ 50. Kf7 Qd7+ 51. Kg6 Qe8+ 52.
Kg7 Kf2 53. Qxf4 Kxg2 54. Qg3+ Kf1 55. f4 Qe7+ 56. Kg6 h4 57. Qh3+ Kg1 58. f5
Qd6+ 59. f6 Qxh2 60. Qxh2+ Kxh2 61. f7 h3 62. f8=Q Kg2 63. Qa8+ Kg1 64. Qa7+
Kg2 65. Qb7+ Kg1 66. Qb6+ Kg2 67. Qc6+ Kg1 68. Qc5+ Kg2 69. Qd5+ Kg1 70. Qd4+
Kg2 71. Qg4+ 1-0

[Event "Gif sur Yvette-Cergy Pontoise"]
[Site "Gif sur Yvette"]
[Date "2008.01.19"]
[Round "5.7"]
[White "Renault, Nicolas"]
[Black "Ricroque, Jean Pierre"]
[Result "1-0"]
[WhiteElo "2010"]
[BlackElo "1987"]
[PlyCount "73"]
[EventDate "2008.01.19"]
[SourceDate "2007.10.25"]

1. e4 c5 2. Nf3 d6 3. d4 cxd4 4. Nxd4 Nf6 5. Nc3 a6 6. Bc4 e6 7. Bb3 b5 8. O-O
Be7 9. Qf3 Qd7 10. a4 b4 11. a5 O-O 12. Na4 Nc6 13. Rd1 Ne5 14. Qe2 Qb7 15. f3
Bd8 16. Bg5 Bxa5 17. Bxf6 gxf6 18. f4 Nc6 19. Nxc6 Qxc6 20. Qh5 Qb5 21. Qh6 Bb7
22. Bd5 exd5 23. Rd3 Qxd3 24. cxd3 Bd8 25. Re1 d4 26. Rf1 Rc8 27. f5 Re8 28.
Rf3 Rc1+ 29. Qxc1 Kf8 30. Qc4 Re7 31. Qxd4 Bc7 32. Qxb4 Bb8 33. Nc3 Ba7+ 34.
Kf1 Bc5 35. Qb3 Rd7 36. Rg3 a5 37. Nd5 1-0

[Event "Gif sur Yvette-Cergy Pontoise"]
[Site "Gif sur Yvette"]
[Date "2008.01.19"]
[Round "5.8"]
[White "Oberlin, Cecile"]
[Black "Lofi, Sarah"]
[Result "0-1"]
[WhiteElo "1640"]
[BlackElo "1860"]
[PlyCount "100"]
[EventDate "2008.01.19"]
[SourceDate "2007.10.25"]

1. e4 c5 2. Nf3 Nc6 3. Bc4 e6 4. O-O Be7 5. c3 Qc7 6. Na3 a6 7. Nc2 Nf6 8. Re1
b5 9. Bf1 O-O 10. d4 Bb7 11. d5 Ne5 12. Bf4 Bd6 13. Bxe5 Bxe5 14. d6 Bxd6 15.
e5 Bxf3 16. Qxd6 Qxd6 17. exd6 Bc6 18. Rad1 Rab8 19. f3 Rfc8 20. Rd2 g6 21. Kf2
Rb6 22. Kg3 Bd5 23. a3 Rxd6 24. c4 bxc4 25. Bxc4 Rb6 26. Ne3 Bc6 27. Nd1 d5 28.
Be2 Rcb8 29. Kf4 Nd7 30. Bf1 Bb5 31. Ke3 Bxf1 32. Rxf1 Ne5 33. Rc2 Nc4+ 34. Kf4
Nxb2 35. Nxb2 Rxb2 36. Rxc5 Rxg2 37. Ke5 Kg7 38. Ra5 Rb6 39. Rc1 Rxh2 40. Rc7
h5 41. Rac5 Ra2 42. Ra5 Rb3 43. Rxa6 Raxa3 44. Rac6 Re3+ 45. Kd6 Rxf3 46. Ke7
h4 47. Ke8 Ra8+ 48. Kd7 h3 49. Rxe6 fxe6 50. Kxe6+ Kh6 0-1

[Event "Sautron-Orléans"]
[Site "Gien"]
[Date "2008.01.19"]
[Round "5.1"]
[White "Lubczynski, Rafal"]
[Black "Perrin, Guillaume"]
[Result "1-0"]
[WhiteElo "2413"]
[BlackElo "2272"]
[PlyCount "109"]
[EventDate "2008.01.19"]
[SourceDate "2007.10.25"]

1. Nf3 Nf6 2. c4 e6 3. g3 b6 4. Bg2 Bb7 5. O-O c5 6. Nc3 Be7 7. d4 cxd4 8. Qxd4
O-O 9. Rd1 d6 10. Bg5 Nbd7 11. Qd2 Rc8 12. Nb5 Ne4 13. Bxe7 Qxe7 14. Qb4 a5 15.
Qa3 Ndc5 16. Nd2 Nf6 17. Bxb7 Nxb7 18. Qe3 Nc5 19. Nb1 d5 20. cxd5 Qd7 21. N1c3
exd5 22. Qf4 Rfd8 23. Nd4 Ne6 24. Qe3 Re8 25. Nf5 d4 26. Nxd4 Nxd4 27. Qxd4 Qh3
28. f3 b5 29. Rd2 b4 30. Nd1 Qe6 31. e4 Rc4 32. Qd3 Rc7 33. Qb3 Qb6+ 34. Qe3
Qe6 35. Nf2 h5 36. Kg2 g6 37. Rad1 Rc6 38. b3 Kg7 39. Qg5 Ra6 40. Nd3 Nh7 41.
Qe3 Qf6 42. Nf4 Rc6 43. Nd5 Qe5 44. Qa7 g5 45. Re2 Rd6 46. Qxa5 Nf6 47. Nxf6
Qxa5 48. Nxe8+ Kg6 49. Rxd6+ Kh7 50. Nf6+ Kg6 51. Nd7+ Kg7 52. Rd5 Qa6 53. Rf2
f6 54. Rf5 g4 55. fxg4 1-0

[Event "Sautron-Orléans"]
[Site "Gien"]
[Date "2008.01.19"]
[Round "5.2"]
[White "Spitz, Christophe"]
[Black "Pham Minh, Hoang"]
[Result "0-1"]
[WhiteElo "2157"]
[BlackElo "2473"]
[PlyCount "52"]
[EventDate "2008.01.19"]
[SourceDate "2007.10.25"]

1. e4 c5 2. Nf3 d6 3. d4 cxd4 4. Nxd4 Nf6 5. Nc3 a6 6. Bg5 e6 7. f4 Nbd7 8. Qf3
Qc7 9. O-O-O b5 10. Bd3 Bb7 11. Rhe1 Qb6 12. Bxf6 Nxf6 13. g4 Nd7 14. Nce2 g6
15. f5 e5 16. Ne6 Be7 17. Ng7+ Kf8 18. fxg6 hxg6 19. Rf1 Bg5+ 20. Kb1 Nf6 21.
Nf5 gxf5 22. Qxf5 Rg8 23. h3 Qe3 24. Rf3 Bxe4 25. Qxf6 Bxf3 26. Qxd6+ Be7 0-1

[Event "Sautron-Orléans"]
[Site "Gien"]
[Date "2008.01.19"]
[Round "5.3"]
[White "Tripoteau, Nicolas"]
[Black "Bernardin, Thierry"]
[Result "1-0"]
[WhiteElo "2309"]
[BlackElo "1983"]
[PlyCount "39"]
[EventDate "2008.01.19"]
[SourceDate "2007.10.25"]

1. d4 Nf6 2. f3 d5 3. e4 dxe4 4. Nc3 e3 5. Bxe3 c6 6. Nge2 Nbd7 7. Nf4 e6 8.
Qd2 Nb6 9. Bd3 Nbd5 10. Ncxd5 Nxd5 11. Nxd5 exd5 12. O-O-O Be7 13. g4 Be6 14.
Rde1 Qb6 15. Bg5 Bxg5 16. Qxg5 Qxd4 17. Re5 g6 18. Qf6 Kd7 19. Rxe6 Qxf6 20.
Rxf6 1-0

[Event "Sautron-Orléans"]
[Site "Gien"]
[Date "2008.01.19"]
[Round "5.4"]
[White "Vaillant, Stephane"]
[Black "Stephan, Jean Marie"]
[Result "1-0"]
[WhiteElo "2015"]
[BlackElo "2222"]
[PlyCount "153"]
[EventDate "2008.01.19"]
[SourceDate "2007.10.25"]

1. d4 Nf6 2. Nf3 d5 3. c4 c6 4. Nc3 dxc4 5. a4 Bf5 6. e3 e6 7. Bxc4 Bb4 8. O-O
Nbd7 9. Qe2 Bg4 10. h3 Bh5 11. e4 O-O 12. e5 Nd5 13. Ne4 c5 14. Nxc5 Bxc5 15.
dxc5 Bxf3 16. Qxf3 Nxe5 17. Qe4 Nxc4 18. Qxc4 Qa5 19. Be3 Nxe3 20. fxe3 Qd2 21.
Qb3 Qd7 22. Rfd1 Qc7 23. Qb5 Qe5 24. Ra3 Rad8 25. Rad3 Rxd3 26. Rxd3 Qe4 27.
Qb3 h5 28. Rd4 Qe5 29. Qc3 Qf5 30. b4 Qb1+ 31. Kh2 Qa2 32. b5 Rc8 33. c6 bxc6
34. bxc6 e5 35. Rb4 Qe6 36. c7 Qd6 37. Rc4 e4+ 38. Kg1 Qg3 39. Qd4 h4 40. Rc1
Kh7 41. Qxe4+ g6 42. Qf4 Qxf4 43. exf4 Kg7 44. Kf2 Kf8 45. Ke3 Ke7 46. Kd4 Kd6
47. Rc5 Ke6 48. Rc6+ Kd7 49. Kd5 Ke7 50. Rc4 Kd7 51. Rc2 f5 52. Rc6 Rxc7 53.
Rxc7+ Kxc7 54. Ke6 Kb6 55. Kf6 Ka5 56. Kxg6 Kxa4 57. Kxf5 Kb5 58. Ke6 a5 59. f5
a4 60. f6 a3 61. f7 a2 62. f8=Q a1=Q 63. Qf5+ Ka6 64. Qg4 Qa2+ 65. Kf5 Qd2 66.
Qf3 Ka7 67. Kg4 Qd4+ 68. Kh5 Qh8+ 69. Kg5 Qd8+ 70. Kg4 Qd4+ 71. Qf4 Qg7+ 72.
Kf3 Qh8 73. Qe3+ Ka6 74. Qe2+ Kb7 75. Kg4 Ka8 76. Qe4+ Ka7 77. Qe7+ 1-0

[Event "Sautron-Orléans"]
[Site "Gien"]
[Date "2008.01.19"]
[Round "5.5"]
[White "Sorin, Baptiste"]
[Black "Gastal, Laurent"]
[Result "1-0"]
[WhiteElo "2145"]
[BlackElo "1983"]
[PlyCount "63"]
[EventDate "2008.01.19"]
[SourceDate "2007.10.25"]

1. e4 c5 2. Nf3 d6 3. d4 cxd4 4. Nxd4 Nf6 5. Nc3 a6 6. Bg5 e6 7. f4 Be7 8. Qf3
Nc6 9. O-O-O Qc7 10. Kb1 Nxd4 11. Rxd4 b5 12. e5 Bb7 13. Qg3 dxe5 14. fxe5 Nh5
15. Qh4 Bxg5 16. Qxg5 g6 17. Be2 h6 18. Qe3 Ng7 19. Qf4 Nf5 20. Rd2 g5 21. Qb4
Bc6 22. Qc5 Rc8 23. Rhd1 Qb7 24. g4 b4 25. gxf5 bxc3 26. Qxc3 Be4 27. Qa3 Qc7
28. Bxa6 Bxc2+ 29. Ka1 Bxd1 30. Bb5+ Qc6 31. Bxc6+ Rxc6 32. Qa8+ 1-0

[Event "Sautron-Orléans"]
[Site "Gien"]
[Date "2008.01.19"]
[Round "5.6"]
[White "Maurel, Jean Louis"]
[Black "Rate, Bruno"]
[Result "1-0"]
[WhiteElo "1987"]
[BlackElo "2105"]
[PlyCount "95"]
[EventDate "2008.01.19"]
[SourceDate "2007.10.25"]

1. d4 d5 2. Nf3 Nf6 3. e3 e6 4. Bd3 Nbd7 5. Nbd2 Bd6 6. c3 O-O 7. O-O e5 8. e4
exd4 9. Nxd4 Nc5 10. Be2 Ncxe4 11. N2f3 c6 12. h3 Bc7 13. Be3 Re8 14. Re1 Nh5
15. Bd3 Nf4 16. Bxf4 Bxf4 17. Qc2 f5 18. c4 dxc4 19. Qxc4+ Kh8 20. Nxf5 Bxf5
21. Bxe4 Bxe4 22. Rxe4 Rxe4 23. Qxe4 Qf6 24. Re1 Rf8 25. Qe7 Qxe7 26. Rxe7 Rb8
27. g3 Bd6 28. Rd7 Bc5 29. Ne5 Kg8 30. Kf1 h6 31. Ke2 Re8 32. f4 Re7 33. Rd8+
Kh7 34. Kd3 Bf2 35. g4 g5 36. Rd7 Rxd7+ 37. Nxd7 gxf4 38. Ke4 Bg3 39. Nf8+ Kg7
40. Ne6+ Kf6 41. Nd8 Kg5 42. Kf3 Kf6 43. Nxb7 Ke5 44. Nd8 Kd5 45. Nf7 Kd4 46.
Nxh6 Kd3 47. Nf5 Kc2 48. g5 1-0

[Event "Sautron-Orléans"]
[Site "Gien"]
[Date "2008.01.19"]
[Round "5.7"]
[White "Lebreton, Flavien"]
[Black "Dussert, Philippe"]
[Result "1-0"]
[WhiteElo "1889"]
[BlackElo "1863"]
[PlyCount "43"]
[EventDate "2008.01.19"]
[SourceDate "2007.10.25"]

1. d4 Nf6 2. Nf3 e6 3. c4 d5 4. Nc3 Bb4 5. Qa4+ Nc6 6. Bg5 Bd7 7. Qc2 Be7 8. e3
Nb4 9. Qb1 dxc4 10. Bxc4 Bc6 11. O-O Nbd5 12. Ne5 Nxc3 13. bxc3 Be4 14. Qb5+
Kf8 15. f3 a6 16. Qb2 Bd5 17. Bxd5 Nxd5 18. Bxe7+ Qxe7 19. Qxb7 Qd8 20. e4 Nf4
21. Nc6 Qe8 22. Qb4+ 1-0

[Event "Echiquier Berry Sologne-Bagneux"]
[Site "Gien"]
[Date "2008.01.19"]
[Round "5.1"]
[White "Lalic, Bogdan"]
[Black "Emodi, Barnabas"]
[Result "1-0"]
[WhiteElo "2507"]
[BlackElo "2365"]
[PlyCount "53"]
[EventDate "2008.01.19"]
[SourceDate "2007.10.25"]

1. Nf3 Nf6 2. c4 g6 3. Nc3 Bg7 4. e4 O-O 5. d4 c6 6. Be2 d5 7. e5 Ne4 8. O-O f6
9. exf6 Nxf6 10. Re1 Kh8 11. h3 Na6 12. cxd5 cxd5 13. Qb3 Nc7 14. Bf4 Nh5 15.
Bxc7 Qxc7 16. Nxd5 Qd6 17. Bc4 b5 18. Qxb5 Bxh3 19. Qc5 Rac8 20. Qxd6 exd6 21.
Bb3 Bg4 22. Ng5 Bxd4 23. Re7 Bxf2+ 24. Kh1 Ng7 25. Nf7+ Rxf7 26. Rxf7 Bd4 27.
Rf4 1-0

[Event "Echiquier Berry Sologne-Bagneux"]
[Site "Gien"]
[Date "2008.01.19"]
[Round "5.2"]
[White "Sinkovics, Peter"]
[Black "Cosma, Ioan"]
[Result "1/2-1/2"]
[WhiteElo "2355"]
[BlackElo "2451"]
[PlyCount "118"]
[EventDate "2008.01.19"]
[SourceDate "2007.10.25"]

1. d4 Nf6 2. Nf3 e6 3. e3 c5 4. Bd3 Be7 5. O-O O-O 6. c4 cxd4 7. exd4 d5 8. Nc3
dxc4 9. Bxc4 Nbd7 10. Bg5 Nb6 11. Bb3 Bd7 12. Ne5 Bc6 13. Nxc6 bxc6 14. Qf3
Nfd5 15. Bxe7 Qxe7 16. Rac1 Qf6 17. Qxf6 Nxf6 18. Na4 Rac8 19. Nc5 Rfd8 20.
Nxe6 fxe6 21. Bxe6+ Kf8 22. Bxc8 Rxc8 23. Rfe1 Kf7 24. a3 Nfd7 25. b4 a6 26.
Rc3 Nd5 27. Rc2 Ne7 28. Rce2 Re8 29. Re6 Nb6 30. R6e3 Nbc8 31. Rf3+ Kg8 32. Rf5
Rd8 33. Ra5 Rxd4 34. Rxa6 Kf7 35. g3 h5 36. h4 g6 37. Rb1 Nd6 38. a4 Rd5 39.
Rb6 Ke6 40. Rb8 Kd7 41. Rf8 Rd2 42. b5 cxb5 43. axb5 Kc7 44. b6+ Kb7 45. Rd8
Nc4 46. Re8 Rd7 47. Re1 Nc6 48. R8e6 Rg7 49. Rf6 Ne7 50. Ree6 Na5 51. Re1 Nac6
52. Rb1 Nd5 53. Rf3 Nb8 54. Rd3 Nxb6 55. Rb5 N8d7 56. Rd6 Kc7 57. Re6 Nc8 58.
Rg5 Ne7 59. Kg2 Rf7 1/2-1/2

[Event "Echiquier Berry Sologne-Bagneux"]
[Site "Gien"]
[Date "2008.01.19"]
[Round "5.3"]
[White "Webb, Laurence"]
[Black "Dussart, Frederic"]
[Result "1/2-1/2"]
[WhiteElo "2304"]
[BlackElo "2265"]
[PlyCount "174"]
[EventDate "2008.01.19"]
[SourceDate "2007.10.25"]

1. e4 c5 2. Nf3 Nc6 3. Bb5 e6 4. Bxc6 bxc6 5. d3 Ne7 6. Qe2 Ng6 7. h4 f6 8. h5
Ne5 9. Nxe5 fxe5 10. Nd2 Be7 11. Qg4 Bf6 12. Nf3 Qe7 13. h6 d6 14. hxg7 Qxg7
15. Qxg7 Bxg7 16. Bh6 Bf6 17. O-O-O Bd7 18. Rh3 Ke7 19. g4 Rhg8 20. Rg1 Be8 21.
Be3 Bg6 22. g5 Bg7 23. Nh4 Bf7 24. b3 Raf8 25. Kb2 Rb8 26. Rhg3 Kd7 27. Rh1 Rh8
28. Rgh3 Ke7 29. Rf3 Rhg8 30. Rhh3 Rh8 31. Rfg3 Rbg8 32. Ka3 Kd7 33. Rh1 Bf8
34. Rhg1 Be7 35. g6 hxg6 36. Nxg6 Bxg6 37. Rxg6 Rxg6 38. Rxg6 Rh7 39. Rg8 Bd8
40. Ka4 Rf7 41. Rh8 Bb6 42. Ra8 Kc7 43. a3 d5 44. b4 d4 45. Bh6 Rxf2 46. Kb3
cxb4 47. axb4 Kd7 48. Bg7 Kd6 49. Rg8 Rf1 50. Bf8+ Kc7 51. Rg7+ Kc8 52. Bd6 a5
53. bxa5 Bxa5 54. Bxe5 Bb6 55. Re7 Rb1+ 56. Ka2 Rb5 57. Rxe6 c5 58. Bf4 Ba5 59.
Re8+ Kd7 60. Rb8 Bb6 61. Bd2 Kc7 62. Ra8 Kd7 63. Ra3 c4 64. Ra4 cxd3 65. cxd3
Bc5 66. Ra5 Kc6 67. Rxb5 Kxb5 68. Kb3 Bd6 69. Bg5 Be5 70. Be7 Bh8 71. Kc2 Be5
72. Kd1 Ka4 73. Bg5 Kb3 74. Bd2 Bc7 75. Be1 Bf4 76. Ba5 Bd6 77. Bb6 Kc3 78. Ke2
Bb8 79. Ba5+ Kc2 80. Be1 Bc7 81. Bb4 Bb8 82. Be7 Be5 83. Bc5 Kc3 84. Bb6 Kc2
85. Ba5 Bb8 86. Bd2 Bc7 87. Bh6 Be5 1/2-1/2

[Event "Echiquier Berry Sologne-Bagneux"]
[Site "Gien"]
[Date "2008.01.19"]
[Round "5.4"]
[White "Goerlinger, Stephane"]
[Black "Laurent, Julien"]
[Result "0-1"]
[WhiteElo "2210"]
[BlackElo "2316"]
[PlyCount "76"]
[EventDate "2008.01.19"]
[SourceDate "2007.10.25"]

1. e4 g6 2. d4 Bg7 3. Nf3 d6 4. Nc3 a6 5. Be3 b5 6. Bd3 Nd7 7. d5 Bb7 8. Bd4
Ngf6 9. O-O c5 10. dxc6 Bxc6 11. Nd2 O-O 12. a3 Re8 13. Qf3 Qc7 14. Nd5 Bxd5
15. exd5 Qb7 16. c4 bxc4 17. Bxc4 Nb6 18. Ba2 Rab8 19. Bxb6 Qxb6 20. b4 Rbc8
21. Qd3 Ng4 22. Nc4 Rxc4 23. Qxc4 Nxf2 24. Rxf2 Bxa1 25. Qc6 Qxc6 26. dxc6 e6
27. Rc2 d5 28. Kf2 Bd4+ 29. Ke2 Rc8 30. Kd3 Bb6 31. a4 Kf8 32. b5 axb5 33. axb5
Ke7 34. Bb3 Rd8 35. Rb2 Kd6 36. Bd1 e5 37. Kc2 f5 38. Kb3 e4 0-1

[Event "Echiquier Berry Sologne-Bagneux"]
[Site "Gien"]
[Date "2008.01.19"]
[Round "5.5"]
[White "Senderovic, Salko"]
[Black "Gollain, Marc"]
[Result "1-0"]
[WhiteElo "2093"]
[BlackElo "2193"]
[PlyCount "53"]
[EventDate "2008.01.19"]
[SourceDate "2007.10.25"]

1. e4 e5 2. Nf3 Nc6 3. Bc4 Nf6 4. d3 Be7 5. Bd2 O-O 6. O-O d5 7. exd5 Nxd5 8.
Re1 Bg4 9. h3 Bh5 10. g4 Bg6 11. Nc3 Nb6 12. Bb3 Bd6 13. Ne4 Re8 14. Bc3 Qd7
15. Nh4 Be7 16. Nxg6 hxg6 17. Qf3 Rf8 18. Ng3 Bd6 19. Qe4 Kh7 20. Kg2 f5 21.
gxf5 gxf5 22. Qh4+ Kg6 23. Qh5+ Kf6 24. Bd2 f4 25. Bxf4 exf4 26. Ne4+ Ke7 27.
Qg5+ 1-0

[Event "Echiquier Berry Sologne-Bagneux"]
[Site "Gien"]
[Date "2008.01.19"]
[Round "5.6"]
[White "Bartha, Sandor"]
[Black "Pouillot, Eric"]
[Result "0-1"]
[WhiteElo "2139"]
[BlackElo "2066"]
[PlyCount "82"]
[EventDate "2008.01.19"]
[SourceDate "2007.10.25"]

1. d4 Nf6 2. Nf3 e6 3. Bg5 Be7 4. e3 b6 5. Be2 Bb7 6. O-O h6 7. Bh4 d6 8. c4
Nbd7 9. Nc3 g5 10. Bg3 Ne4 11. Nxe4 Bxe4 12. Nd2 Bb7 13. Rc1 O-O 14. Bf3 Bxf3
15. Qxf3 f5 16. h3 Bf6 17. b4 a5 18. b5 Bg7 19. Rfd1 Qe7 20. Qc6 Rac8 21. Nf3
Kh8 22. c5 bxc5 23. dxc5 Nxc5 24. b6 cxb6 25. Qxb6 Ne4 26. Rxc8 Rxc8 27. Qxa5
Bc3 28. Qa6 Rd8 29. Nd4 Bxd4 30. Rxd4 Nxg3 31. fxg3 Kg7 32. Rb4 Rd7 33. Rb8 Rc7
34. Qa8 Kf6 35. Rb5 Kg7 36. a4 e5 37. a5 f4 38. a6 fxg3 39. Kf1 Qf7+ 40. Qf3
Qc4+ 41. Qe2 Rf7+ 0-1

[Event "Echiquier Berry Sologne-Bagneux"]
[Site "Gien"]
[Date "2008.01.19"]
[Round "5.7"]
[White "Chaumont, Adeline"]
[Black "Payen, Gerard"]
[Result "1-0"]
[WhiteElo "2063"]
[BlackElo "1793"]
[PlyCount "77"]
[EventDate "2008.01.19"]
[SourceDate "2007.10.25"]

1. d4 d5 2. c4 e6 3. Nc3 Nf6 4. cxd5 exd5 5. Bg5 c6 6. e3 Be7 7. Qc2 O-O 8. Bd3
g6 9. Nf3 Re8 10. O-O Nbd7 11. Rab1 Nh5 12. Bxe7 Rxe7 13. b4 a6 14. a4 Nf8 15.
b5 axb5 16. axb5 Bd7 17. bxc6 Bxc6 18. Ne5 Be8 19. Qb3 Nf6 20. Rfc1 Ne6 21. f4
Rc7 22. f5 Nf8 23. fxg6 hxg6 24. Rf1 Kg7 25. Rxf6 Rxc3 26. Rxf7+ Bxf7 27. Qxc3
Rc8 28. Qe1 Qe7 29. Qg3 Rc7 30. Rf1 Qd6 31. h4 Qd8 32. h5 g5 33. h6+ Kg8 34.
Qf3 Qe8 35. Qf5 Bg6 36. Nxg6 Rf7 37. Qxf7+ Qxf7 38. Rxf7 Kxf7 39. Nxf8 1-0

[Event "Gonfreville l'Orcher II-Rennes Paul Ber"]
[Site "Rennes"]
[Date "2008.01.20"]
[Round "6.1"]
[White "Lefebvre, Herve"]
[Black "Monroy, Charles"]
[Result "1/2-1/2"]
[WhiteElo "2253"]
[BlackElo "2380"]
[PlyCount "46"]
[EventDate "2008.01.20"]
[SourceDate "2007.10.25"]

1. e4 d6 2. d4 Nf6 3. Nc3 Nbd7 4. f4 e5 5. Nf3 exd4 6. Qxd4 c6 7. Be3 d5 8.
exd5 Bc5 9. Qd3 Qe7 10. Nd4 Nxd5 11. Nxd5 cxd5 12. Nf5 Qf6 13. Bxc5 Nxc5 14.
Qb5+ Nd7 15. Bd3 O-O 16. O-O Nb6 17. Ng3 Qd4+ 18. Kh1 Bd7 19. Qb3 Rfe8 20. Ne2
Qf6 21. Qc3 Qxc3 22. Nxc3 Bc6 23. Ne2 Nc4 1/2-1/2

[Event "Gonfreville l'Orcher II-Rennes Paul Ber"]
[Site "Rennes"]
[Date "2008.01.20"]
[Round "6.2"]
[White "Demanghon, Jonathan"]
[Black "Bacon, Nicolas"]
[Result "1-0"]
[WhiteElo "2221"]
[BlackElo "2270"]
[PlyCount "49"]
[EventDate "2008.01.20"]
[SourceDate "2007.10.25"]

1. d4 Nf6 2. c4 g6 3. Nc3 Bg7 4. e4 d6 5. f3 O-O 6. Bg5 c5 7. d5 Qa5 8. Qd2 e6
9. a4 exd5 10. cxd5 a6 11. Ra3 Nbd7 12. Nh3 Re8 13. Nf2 Ne5 14. Be2 Qb4 15. O-O
Bd7 16. Qc2 Rab8 17. a5 h6 18. Bxf6 Bxf6 19. Na2 Qxb2 20. Qxb2 Nxf3+ 21. gxf3
Bxb2 22. Rb3 Bd4 23. Rfb1 Re5 24. Kf1 Rg5 25. f4 1-0

[Event "Gonfreville l'Orcher II-Rennes Paul Ber"]
[Site "Rennes"]
[Date "2008.01.20"]
[Round "6.3"]
[White "Vaugeois, Cyrille"]
[Black "Rivet, Gilles"]
[Result "1-0"]
[WhiteElo "2182"]
[BlackElo "2101"]
[PlyCount "61"]
[EventDate "2008.01.20"]
[SourceDate "2007.10.25"]

1. e4 e5 2. Nf3 Nf6 3. Nc3 Bb4 4. d3 d5 5. exd5 Nxd5 6. Bd2 Nxc3 7. bxc3 Bd6 8.
Be2 O-O 9. O-O b6 10. Ng5 f6 11. Ne4 Bb7 12. Bf3 c6 13. Nxd6 Qxd6 14. a4 Na6
15. Re1 Rab8 16. a5 b5 17. Be3 c5 18. Rb1 Rfd8 19. Bxb7 Rxb7 20. Qf3 Qc7 21.
Qe4 Qf7 22. f4 Re8 23. f5 Rbb8 24. Bf2 Qb7 25. Qh4 Qf7 26. Re4 g5 27. fxg6 hxg6
28. Rbe1 Kg7 29. Qg3 Rh8 30. d4 exd4 31. Re7 1-0

[Event "Gonfreville l'Orcher II-Rennes Paul Ber"]
[Site "Rennes"]
[Date "2008.01.20"]
[Round "6.4"]
[White "Le Bail, Clara"]
[Black "Mandon, Fabrice"]
[Result "0-1"]
[WhiteElo "2035"]
[BlackElo "2186"]
[PlyCount "126"]
[EventDate "2008.01.20"]
[SourceDate "2007.10.25"]

1. e4 c5 2. c3 Nf6 3. e5 Nd5 4. Nf3 Nc6 5. Bc4 Nb6 6. Bb3 c4 7. Bc2 d5 8. exd6
Qxd6 9. h3 Be6 10. O-O Bd5 11. b3 Qf6 12. Nh2 e6 13. Ng4 Qh4 14. d4 Bd6 15. Ba3
Bxa3 16. Nxa3 O-O 17. Ne3 cxb3 18. axb3 Be4 19. Qe2 Bxc2 20. Naxc2 Rfd8 21.
Rfd1 a6 22. Qg4 Qxg4 23. Nxg4 Nd5 24. Rd3 Rac8 25. Kf1 h5 26. Nge3 Nf4 27. Rd2
Rc7 28. h4 Rcd7 29. g3 Ng6 30. Rad1 Na5 31. Na1 Ne7 32. c4 Kf8 33. Ke2 Nec6 34.
d5 Nb4 35. dxe6 Rxd2+ 36. Rxd2 Rxd2+ 37. Kxd2 fxe6 38. Kc3 Nac6 39. Nac2 Nxc2
40. Nxc2 Ke7 41. c5 e5 42. Kd3 Ke6 43. Ke4 a5 44. f3 g6 45. g4 Nb8 46. Kd3 Kd5
47. Ne3+ Kxc5 48. Nc4 Nc6 49. Ke4 a4 50. gxh5 gxh5 51. Nxe5 Nxe5 52. bxa4 Nxf3
53. Kxf3 Kb4 54. Kf4 Kxa4 55. Kg5 b5 56. Kxh5 b4 57. Kg6 b3 58. h5 b2 59. h6
b1=Q+ 60. Kg7 Qb7+ 61. Kg8 Qd5+ 62. Kh8 Qe5+ 63. Kh7 Qg5 0-1

[Event "Gonfreville l'Orcher II-Rennes Paul Ber"]
[Site "Rennes"]
[Date "2008.01.20"]
[Round "6.5"]
[White "Jeanne, Mickael"]
[Black "Favarel, Camille"]
[Result "1/2-1/2"]
[WhiteElo "2231"]
[BlackElo "2098"]
[PlyCount "107"]
[EventDate "2008.01.20"]
[SourceDate "2007.10.25"]

1. Nf3 Nf6 2. c4 e6 3. Nc3 Bb4 4. Qc2 c5 5. g3 O-O 6. Bg2 Nc6 7. a3 Ba5 8. Na4
d6 9. O-O Rb8 10. Rd1 e5 11. Nc3 Bg4 12. Re1 Qd7 13. e3 a6 14. d3 b5 15. Nd2
Bb6 16. cxb5 axb5 17. Nxb5 d5 18. e4 d4 19. Nc4 Rfc8 20. Nbd6 Rc7 21. f4 Be6
22. fxe5 Nxe5 23. Nxe5 Qxd6 24. Bf4 Qe7 25. Nc4 Ng4 26. Rac1 Bxc4 27. Qxc4 Ne5
28. Bxe5 Qxe5 29. Rc2 h5 30. Rf1 Qe6 31. Rf5 Qxc4 32. Rxc4 g6 33. Rd5 Kf8 34.
Bh3 Ke7 35. b4 Rd8 36. Rxd8 Kxd8 37. b5 Ra7 38. a4 Ke7 39. Kf2 Kd6 40. Ke2 Ke5
41. Bc8 h4 42. Kf3 hxg3 43. hxg3 Rc7 44. Ba6 Ba5 45. Kg4 Ke6 46. Rc2 Ke5 47.
Kg5 c4 48. b6 Bxb6 49. Bxc4 Rc5 50. Rb2 Bd8+ 51. Kg4 f5+ 52. exf5 gxf5+ 53. Kf3
Bc7 54. Rb5 1/2-1/2

[Event "Gonfreville l'Orcher II-Rennes Paul Ber"]
[Site "Rennes"]
[Date "2008.01.20"]
[Round "6.6"]
[White "Bleuzen, Erwan"]
[Black "Theon, Pierre"]
[Result "1/2-1/2"]
[WhiteElo "2022"]
[BlackElo "2127"]
[PlyCount "56"]
[EventDate "2008.01.20"]
[SourceDate "2007.10.25"]

1. d4 g6 2. c4 Bg7 3. Nf3 d6 4. e4 Nd7 5. Qc2 e5 6. d5 Nh6 7. Nc3 O-O 8. b4 f6
9. Bd3 a5 10. Ba3 f5 11. O-O f4 12. bxa5 g5 13. c5 g4 14. Nd2 dxc5 15. Na4 Qh4
16. Nxc5 Nxc5 17. Bxc5 Rf6 18. Be7 f3 19. Bxf6 Bxf6 20. Rfc1 fxg2 21. Nc4 Bg5
22. Kxg2 Bxc1 23. Rxc1 Nf7 24. Qe2 Bd7 25. Rg1 Ng5 26. Nxe5 Nh3 27. Qe3 Nxg1
28. Kxg1 Ba4 1/2-1/2